|
|
|
|
| LEADER |
01272cam a2200313Ia 4500 |
| 001 |
9780203975152 |
| 003 |
FlBoTFG |
| 005 |
20091230162919.0 |
| 006 |
a|||||s||||||||||| |
| 007 |
cr|||| |
| 008 |
941228s1995 enka sb 101 0 eng d |
| 020 |
|
|
|a 9780203975152 (e-book : PDF)
|
| 040 |
|
|
|a FlBoTFG
|c FlBoTFG
|d GrThAP
|
| 090 |
|
|
|a CC75
|b .M345 1995
|
| 092 |
|
|
|a 930.1028
|b M266
|
| 245 |
0 |
0 |
|a Managing archaeology
|h [electronic resource] /
|c edited by Malcolm A. Cooper ... [et al.].
|
| 260 |
|
|
|a London ;
|a New York :
|b Routledge,
|c 1995.
|
| 300 |
|
|
|a xvi, 259 p. :
|b ill.
|
| 500 |
|
|
|a Based on papers from the 1992 Annual Theoretical Archaeology Group Conference held in Southampton.
|
| 504 |
|
|
|a Includes bibliographical references and index.
|
| 530 |
|
|
|a Also available in print edition.
|b CRC Press (http://www.crcpress.com)
|
| 538 |
|
|
|a Mode of access: World Wide Web.
|
| 650 |
|
0 |
|a Archaeology
|x Methodology
|v Congresses.
|
| 650 |
|
0 |
|a Archaeology
|x Management
|v Congresses.
|
| 655 |
|
7 |
|a Electronic books.
|2 lcsh
|
| 700 |
1 |
|
|a Cooper, M. A.
|q (Malcolm A.)
|
| 710 |
2 |
|
|a Theoretical Archaeology Group (England).
|b Conference
|d (1992 :
|c Southampton, England)
|
| 776 |
1 |
|
|z 9780415106740
|
| 856 |
4 |
0 |
|u http://www.tandfebooks.com/isbn/9780203975152
|z Full Text via HEAL-Link
|